000 00733nam a2200241 a 4500
001 65923
003 BD-RjUL
005 20211209081501.0
008 170313r20012005enkac b 011 0deng
035 _a(BD-RjUL)66053
040 _dUPvMRC
_aBD-RjUL
_beng
_cBD-RjUL
041 _aeng
082 _a001.64404
_bHAD 2005
_223
100 1 _aHallsall, F
_9194946
245 1 0 _aData communications computer networks and open systems /
_cF Hallsall
250 _a4th ed.
260 _aDelhi :
_bPearson,
_cc2000, [Tenth Indian imprint 2005 ]
300 _a915 p. :
_bill. ;
_c24 cm.
500 _aIncludes index.
650 _aComputer Network -- Management.
_9194947
650 _aData Transmission -- System.
_9194948
942 _2ddc
_cBK
999 _c65923
_d65923